| 000 | 00818nam a22002415i 4500 | ||
|---|---|---|---|
| 001 | 177623 | ||
| 003 | ES-MaACL | ||
| 005 | 20230906220357.0 | ||
| 008 | 110406s1973 sp |||| | spa d | ||
| 020 | _a84-7111-064-4 | ||
| 080 | _a349.44(460) | ||
| 080 | _a711.73(460) | ||
| 100 | 1 |
_aEscribano Collado, Pedro. _947635 |
|
| 245 | 1 | 4 |
_aLas vías urbanas _b: concepto y régimen de uso / _cpor Pedro Escribano Collado. |
| 260 |
_aMadrid : _bMontecorvo, _c1973. |
||
| 300 |
_a555 p. ; _c25 cm. |
||
| 490 | 1 |
_aMonografías. Colección de estudios jurídicos ; _v43 |
|
| 650 |
_aDerecho urbanístico- _zEspaña. _9145987 |
||
| 650 | 4 |
_aCalles- _zEspaña. _9146038 |
|
| 830 | 0 |
_aMonografías. Colección de estudios jurídicos ; _v43 _9190484 |
|
| 852 |
_aES-MaACL _jE-14825 _xOlim P-860-bis |
||
| 999 |
_c177623 _d177623 |
||